| 000 | 01656nam a2200193Ia 4500 | ||
|---|---|---|---|
| 020 | _a9250052928 | ||
| 040 | _cFQG | ||
| 082 | _a338 FOO 2005 A065 Or. | ||
| 245 | 1 | 0 |
_aReport of the Fourth Intergovernmental Consultation on the Establishment of a Southwest Indian Ocean Fisheries Commission, Mahe, Seychelles, 13-16 July 2004 = _bRapport de la quatri©·me consultation intergouvernementale sur la cr©♭ation d'une commission des p©®ches pour le sud-ouest de l'Oc©♭an Indien, Mah©♭, Seychelles, 13-16 juillet 2004 |
| 246 | 3 | 1 | _aRapport de la quatri©·me consultation intergouvernementale sur la cr©♭ation d'une commission des p©®ches pour le sud-ouest de l'Oc©♭an Indien |
| 260 |
_aHarare : _bFood and Agriculture Organization of the United Nations, Subregional Office for Southern and East Africa, _cc2005 |
||
| 300 |
_avi, 78 p. : _bmap ; _c30 cm |
||
| 490 | 1 |
_aFAO fisheries report ; _aFAO rapport sur les p©®ches ; no 776 |
|
| 500 | _aThe Consultation was attended by delegates from ten States, the European Community, and two observer organizations. The Consultation unanimously adopted a draft Resolution and Statutes for the establishment of the South West Indian Ocean Fisheries Commission for submission to the FAO Council. The Consultation also carried out a first reading and discussion of a draft text of an instrument for the high seas. As an interim measure, until the establishment of a high seas instrument, a Resolution concerning the collection and handling of information and data was adopted | ||
| 500 | _a"SAFR/R776 (Bi)." | ||
| 650 | 0 | _aFishery management, International | |
| 650 | 0 | _aFisheries | |
| 942 | _cEK | ||
| 999 |
_c14267 _d14267 |
||